Statistiques concernant Les villes du monde où l'on circule le mieux sans voiture

Cliquez ici pour prendre le quiz!

Statistiques générales

  • Ce quiz a été pris 67 fois
  • Le résultat moyen est 6 sur 10

Statistiques - réponses

IndiceScore (sur 100)Ville% Correct
Europe de l'Ouest66Paris
75%
Europe du Nord67Oslo
70%
Asie de l'Est66Tokyo
69%
Europe du Nord73Stockholm
67%
Europe centrale65Berlin
66%
Europe de l'Ouest64Londres
59%
Europe du Nord71Helsinki
56%
Asie du Sud72Singapour
54%
Asie du Sud-Est77Hong Kong
28%
Europe centrale/de l'Ouest73Zurich
28%

Distribution des résultats

Percentile par nombre de réponses

% des personnes avec chaque résultat

Votre développement - résultats

Vous n’avez pas pris ce quiz